| 000 | 00584nam a2200181 a 4500 | ||
|---|---|---|---|
| 005 | 20250405063826.0 | ||
| 008 | 991125s1987 mx 000 0 spa u | ||
| 035 | _aUPN01000004072 | ||
| 049 | _aSEP | ||
| 050 | 4 |
_aL227 D45 _bB2.2560 |
|
| 110 | 1 |
_aMéxico. _bDirección General de Educación Normal _928127 |
|
| 245 | 1 | 0 |
_aAprendizaje en la deficiencia mental : _bquinto semestre / _cDirección General de Educación Normal. |
| 260 |
_aMéxico : _bSEP, _c1987. |
||
| 300 | _a23 h. | ||
| 650 | 2 |
_aDeficiencia mental _910638 |
|
| 650 | 4 |
_aPsicología del aprendizaje _95221 |
|
| 905 | _aLibro | ||
| 999 |
_c4072 _d4072 |
||